| 000 | 03493nam0a2200385 4500 | ||
|---|---|---|---|
| 001 | RU\NLR\BIBL_A\022623508 | ||
| 005 | 20260319110918.0 | ||
| 010 | _a978-5-00083-886-0 | ||
| 021 |
_aRU _bКН-П-25-044251 _9КН-П-25-4303 |
||
| 035 | _a(NLR Aleph) 022623508 | ||
| 090 |
_a13465604 _c13465604 |
||
| 100 | _a20250917d2025 e y0rusy50 ca | ||
| 101 | 0 | _arus | |
| 102 | _aRU | ||
| 105 | _aab z 000ay | ||
| 181 | 0 |
_ai3 _baxxe |
|
| 182 | 0 | _an | |
| 200 | 1 |
_aТайна пропавшей экспедиции _eроман _e[для ст. шк. возраста] _fЕвгений Рудашевский _gхудожник: Маргарита Чечулина (Greta Berlin) |
|
| 203 |
_aТекст _bвизуальный _cнепосредственный |
||
| 205 | _a5-е изд., стер. | ||
| 210 |
_aМосква _cКомпасГид _d2025 |
||
| 215 |
_a332, [1] с. _cил. _d24 |
||
| 311 | _a1-й роман цикла "Архив "Изиды" | ||
| 320 | _aДр. произведения авт. на обороте тит. с. в аннот. | ||
| 330 | _aДедушка Артёма, геолог Виктор Корчагин не вернулся из загадочного путешествия в горы Восточного Саяна. Родные нашли его дневник е намёком на удивительное научное открытие и недвусмысленным предостережением: "Это опаснее, чем я думал. Не ищите меня!" Предостережение не испугало родителей Артёма. Они отправились в тайгу по следам Корчагина: пана - чтобы написать увлекательную статью, мама - чтобы узнать судьбу своего отца. Сам Артём наслаждается своим первым большим походом, но вскоре понимает, что нанятые папой проводники явно что-то скрывают. Артёму предстоит разобраться в истинных мотивах сурового Фёдора Кузьмича, молчаливого гиганта Джамбула и других участников экспедиции, ведь на кону стоит не только открытие дедушки, по и жизнь его родных. "Тайна пропавшей экспедиции" - это и классическая история о поиске сокровищ, и современный квест. "Тайна пропавшей экспедиции" - первый роман из цикла "Архив "Изиды", куда так же входят тетралогия "Город Солнца" и "Истукан", ставший победителем национального конкурса "Книга года" в 2022 г. | ||
| 333 | _a12+ | ||
| 488 | 0 |
_12001#$aАрхив "Изиды" _tАрхив "Изиды" |
|
| 686 | 0 | _aШ9(2)62=Р7-4 | |
| 700 | 1 |
_7ca _8rus _aРудашевский _bЕ. В. _f1987- _gЕвгений Всеволодович _92701213 _3RU\NLR\AUTH\770291193 |
|
| 702 | 1 |
_4040 _7ca _8rus _aЧечулина _bМ. _gМаргарита _9182636 _3RU\NLR\AUTH\770182687 |
|
| 942 | _cBOOK | ||
| 980 | _aNB | ||